Penal Orders for Misdemeanours and Felonies in France: A Procedural Economy at the Expense of the Defence?

The French Code of Criminal Procedure allows misdemeanours and felonies to be tried under a simplified procedure called penal orders. This entirely written procedure is directed by the prosecution with the support of the police. Once their decision is taken, prosecutors send their file to a judge wh...

Full description

Saved in:  
Bibliographic Details
Main Author: Enescu, Raluca (Author)
Format: Electronic Article
Language:English
Published: 2021
In: International e-journal of criminal sciences
Year: 2021, Volume: 16, Pages: 1-18
Online Access: Volltext (kostenfrei)
Check availability: HBZ Gateway
Keywords:

MARC

LEADER 00000caa a22000002c 4500
001 1841037524
003 DE-627
005 20241121085552.0
007 cr uuu---uuuuu
008 230403s2021 xx |||||o 00| ||eng c
035 |a (DE-627)1841037524 
035 |a (DE-599)KXP1841037524 
040 |a DE-627  |b ger  |c DE-627  |e rda 
041 |a eng 
084 |a 2,1  |2 ssgn 
100 1 |a Enescu, Raluca  |e VerfasserIn  |4 aut 
245 1 0 |a Penal Orders for Misdemeanours and Felonies in France  |b A Procedural Economy at the Expense of the Defence?  |c Raluca Enescu 
264 1 |c 2021 
336 |a Text  |b txt  |2 rdacontent 
337 |a Computermedien  |b c  |2 rdamedia 
338 |a Online-Ressource  |b cr  |2 rdacarrier 
500 |a Literaturverzeichnis: Seite 16-18 
520 |a The French Code of Criminal Procedure allows misdemeanours and felonies to be tried under a simplified procedure called penal orders. This entirely written procedure is directed by the prosecution with the support of the police. Once their decision is taken, prosecutors send their file to a judge who would then issue the penal order. If the defendant does not object, the conviction equals a judgment rendered by a court at the end of a trial. The lack of hearing of the defendant and the rights of the defence being reduced to their minimal expression might produce erroneous convictions. Although this procedural economy succeeds in unburdening the courts, it comes at the cost of defendants. This contribution discusses the procedure and the rights of the defence in France. It also proposes solutions that could address the shortcomings of penal orders. 
650 4 |a Simplified procedure 
650 4 |a Sentencing 
650 4 |a prosecutorial 
650 4 |a Decision-making 
650 4 |a Wrongful conviction 
773 0 8 |i Enthalten in  |t International e-journal of criminal sciences  |d Donostia - San Sebastián : DMS International Research Center, 2007  |g 16(2021), Artikel-ID 5, Seite 1-18  |h Online-Ressource  |w (DE-627)1826705147  |w (DE-600)3141746-2  |x 1988-7949  |7 nnas 
773 1 8 |g volume:16  |g year:2021  |g elocationid:5  |g pages:1-18 
856 4 0 |u https://ojs.ehu.eus/index.php/inecs/article/view/23304/20881  |x Verlag  |z kostenfrei  |3 Volltext  |7 0 
951 |a AR 
ELC |a 1 
LOK |0 000 xxxxxcx a22 zn 4500 
LOK |0 001 430118208X 
LOK |0 003 DE-627 
LOK |0 004 1841037524 
LOK |0 005 20230403112349 
LOK |0 008 230403||||||||||||||||ger||||||| 
LOK |0 040   |a DE-21-110  |c DE-627  |d DE-21-110 
LOK |0 092   |o n 
LOK |0 852   |a DE-21-110 
LOK |0 852 1  |9 00 
LOK |0 935   |a krzo 
LOK |0 939   |a 03-04-23  |b l01 
OAS |a 1 
ORI |a SA-MARC-krimdoka001.raw